Jonah : a new translation with introduction , commentary and interpretations (Record no. 20759)
[ view plain ]
| 000 -LEADER | |
|---|---|
| fixed length control field | 00652nam a2200229Ia 4500 |
| 003 - CONTROL NUMBER IDENTIFIER | |
| control field | 0100 |
| 005 - DATE AND TIME OF LATEST TRANSACTION | |
| control field | 20161220082740.0 |
| 008 - FIXED-LENGTH DATA ELEMENTS--GENERAL INFORMATION | |
| fixed length control field | 130303s9999 xx 000 0 und d |
| 020 ## - INTERNATIONAL STANDARD BOOK NUMBER | |
| International Standard Book Number | 0385235259 |
| 040 ## - CATALOGING SOURCE | |
| Transcribing agency | ARRUPELIB |
| 050 ## - LIBRARY OF CONGRESS CALL NUMBER | |
| Classification number | REF. BS192.2.A11964.G3 |
| 300 ## - PHYSICAL DESCRIPTION | |
| Other physical details | 368p. 24cm. |
| 100 ## - MAIN ENTRY--PERSONAL NAME | |
| Personal name | Sasson, Jack M |
| 9 (RLIN) | 28108 |
| 245 ## - TITLE STATEMENT | |
| Title | Jonah : a new translation with introduction , commentary and interpretations |
| 250 ## - EDITION STATEMENT | |
| Edition statement | 1st ed. |
| 260 ## - PUBLICATION, DISTRIBUTION, ETC. (IMPRINT) | |
| Place of publication, distribution, etc | New york |
| 260 ## - PUBLICATION, DISTRIBUTION, ETC. (IMPRINT) | |
| Name of publisher, distributor, etc | Doubleday & Co. |
| 300 ## - PHYSICAL DESCRIPTION | |
| Extent | xvi |
| 440 ## - SERIES STATEMENT/ADDED ENTRY--TITLE | |
| Title | The anchor bible series; v. 24b |
| 9 (RLIN) | 28109 |
| 650 ## - SUBJECT ADDED ENTRY--TOPICAL TERM | |
| Topical term or geographic name as entry element | Bible O.T. |
| General subdivision | Jonah |
| -- | Commentaries |
| 9 (RLIN) | 28110 |
| 942 ## - ADDED ENTRY ELEMENTS (KOHA) | |
| Source of classification or shelving scheme | Library of Congress Classification |
| Koha item type | Monograph ( Printed materials) |
| Withdrawn status | Lost status | Source of classification or shelving scheme | Damaged status | Not for loan | Collection code | Home library | Current library | Shelving location | Date acquired | Total Checkouts | Full call number | Barcode | Date last seen | Copy number | Price effective from | Koha item type |
|---|---|---|---|---|---|---|---|---|---|---|---|---|---|---|---|---|
| Library of Congress Classification | Main Collection | ARRUPE LIBRARY | ARRUPE LIBRARY | Main Collection | 04/03/2013 | BS1605.3.S252 | 46003038194 | 04/03/2013 | 1 | 04/03/2013 | Monograph ( Printed materials) |